Ireland : Financial System Stability Assessment.

Ireland has considerably strengthened financial sector regulation and supervision since the 2016 FSAP, aided by the ECB/SSM, and is working with European and international regulators to strengthen oversight of the large market-based finance (MBF) sector. This strengthening is evidenced by a successf...

詳細記述

書誌詳細
団体著者: International Monetary Fund. Monetary and Capital Markets Department
フォーマット: 雑誌
言語:English
出版事項: Washington, D.C. : International Monetary Fund, 2022.
シリーズ:IMF Staff Country Reports; Country Report ; No. 2022/215
主題:
オンライン・アクセス:Full text available on IMF
LEADER 02000cas a2200289 a 4500
001 AALejournalIMF023113
008 230101c9999 xx r poo 0 0eng d
020 |c 20.00 USD 
020 |z 9798400213564 
022 |a 1934-7685 
040 |a BD-DhAAL  |c BD-DhAAL 
110 2 |a International Monetary Fund.  |b Monetary and Capital Markets Department. 
245 1 0 |a Ireland :   |b Financial System Stability Assessment. 
264 1 |a Washington, D.C. :  |b International Monetary Fund,  |c 2022. 
300 |a 1 online resource (66 pages) 
490 1 |a IMF Staff Country Reports 
500 |a <strong>Off-Campus Access:</strong> No User ID or Password Required 
500 |a <strong>On-Campus Access:</strong> No User ID or Password Required 
506 |a Electronic access restricted to authorized BRAC University faculty, staff and students 
520 3 |a Ireland has considerably strengthened financial sector regulation and supervision since the 2016 FSAP, aided by the ECB/SSM, and is working with European and international regulators to strengthen oversight of the large market-based finance (MBF) sector. This strengthening is evidenced by a successful navigation through the challenges of Brexit and the pandemic. Despite global headwinds, Ireland is exiting the pandemic with strong economic growth and a highly capitalized and liquid banking system. The financial system has grown rapidly and in complexity, especially after Brexit, and Ireland has become a European base for large financial groups. The MBF sector has grown to the second largest in Europe, with global interlinkages. 
538 |a Mode of access: Internet 
650 7 |a International Agreements and Observance  |2 imf 
650 7 |a International Organizations  |2 imf 
650 7 |a Monetary Policy  |2 imf 
651 7 |a Ireland  |2 imf 
830 0 |a IMF Staff Country Reports; Country Report ;  |v No. 2022/215 
856 4 0 |z Full text available on IMF  |u https://elibrary.imf.org/openurl?genre=journal&issn=1934-7685&volume=2022&issue=215  |z IMF e-Library